LIBRARY & INFORMATION CENTRE, KCAET, TAVANUR

ONLINE PUBLIC ACCESS CATALOGUE (OPAC)

Letters of Gerand Manley Hopkins to Robert Bridges / (Record no. 11364)

MARC details
000 -LEADER
fixed length control field 00403cam a2200145ua 4500
041 ## - LANGUAGE CODE
Language code of text/sound track or separate title eng
082 ## - DEWEY DECIMAL CLASSIFICATION NUMBER
Classification number 826
Item number ABB/LE
100 ## - MAIN ENTRY--AUTHOR NAME
Personal name Abott, Claude Colleer .
245 ## - TITLE STATEMENT
Title Letters of Gerand Manley Hopkins to Robert Bridges /
260 ## - PUBLICATION, DISTRIBUTION, ETC. (IMPRINT)
Place of publication Calcutta :
Name of publisher Oxford University Press ,
Year of publication 1955.
300 ## - PHYSICAL DESCRIPTION
Number of Pages 324 ; .
942 ## - ADDED ENTRY ELEMENTS (KOHA)
Koha item type Books
Holdings
Withdrawn status Lost status Damaged status Home library Current library Date acquired Full call number Accession Number Koha item type Public note
Withdrawn     KAUAET Sanskrit University 07/04/2012 826 6117 Books Transferred to Sanskrit University
free website counter